000 00586nam a2200193 a 4500
005 20140412111316.0
008 010321s19uu xx 00 eng d
020 _a1-85985-033-2
050 _aM 220.9
_bL343 1989
100 _aLashbrook, Marilyn
245 _a"It's not my fault" :
_bman's big mistake /
_cby Marilyn Lashbrook ; illustrated by Chris Sharp.
260 _aCarlisle, Cumbria :
_bCandle Books Ltd,
_c1989.
300 _a1 v. (unp.) ; ill.
440 _aMe Too! Readers
650 _aBible stories, O. T.
650 _aGenesis 3
999 _c104215
_d104215